[Event "Toronto-A2"]
[Site "Toronto"]
[Date "2009.03.03"]
[Round "6"]
[White "Barron, Michael"]
[Black "Frilles, Ruperto"]
[Result "1-0"]
[WhiteElo "2344"]
[BlackElo "2096"]
[PlyCount "55"]
[GameId "2160767910264962"]
[EventDate "2009.01.27"]
[EventType "tourn"]
[EventRounds "9"]
[EventCountry "CAN"]
[SourceTitle "EXT 2011"]
[Source "ChessBase"]
[SourceDate "2011.11.26"]
[SourceVersion "1"]
[SourceVersionDate "2011.11.26"]
[SourceQuality "1"]

1. e4 d6 2. d4 c6 3. f4 e6 4. Nf3 g6 5. Bd3 Bg7 6. O-O Ne7 7. Nc3 O-O 8. Be3 b6 9. Qd2 f5 10. Rae1 fxe4 11. Nxe4 Nd5 12. Kh1 Na6 13. Nfg5 h6 14. Nxe6 Bxe6 15. Bxa6 Rb8 16. Bd3 c5 17. c3 Nxe3 18. Qxe3 cxd4 19. cxd4 Bd5 20. Nc3 Bf7 21. Qg3 Qf6 22. f5 Qxd4 23. Rf4 Qc5 24. f6 Rfe8 25. fxg7 Rxe1+ 26. Qxe1 Kxg7 27. Qe7 Rf8 28. Bxg6 1-0

[Event "Toronto-A2"]
[Site "Toronto"]
[Date "2009.03.03"]
[Round "6"]
[White "Henry, Liam"]
[Black "Calugar, Arthur"]
[Result "1/2-1/2"]
[WhiteElo "2242"]
[BlackElo "2226"]
[PlyCount "121"]
[GameId "2160767910264963"]
[EventDate "2009.01.27"]
[EventType "tourn"]
[EventRounds "9"]
[EventCountry "CAN"]
[SourceTitle "EXT 2011"]
[Source "ChessBase"]
[SourceDate "2011.11.26"]
[SourceVersion "1"]
[SourceVersionDate "2011.11.26"]
[SourceQuality "1"]

1. e4 b6 2. d4 Bb7 3. Nc3 e6 4. a3 c5 5. Nf3 cxd4 6. Nxd4 Nc6 7. Be3 Nf6 8. Nxc6 dxc6 9. Qf3 Bd6 10. Bd4 O-O 11. O-O-O Qc7 12. Bxf6 Bf4+ 13. Kb1 gxf6 14. Ne2 Be5 15. Ng3 c5 16. Qg4+ Kh8 17. Nh5 f5 18. exf5 Rg8 19. Qe2 Bc6 20. fxe6 fxe6 21. Re1 Bd4 22. c3 Bg7 23. Qe3 Qf7 24. Nxg7 Rxg7 25. f3 Rd8 26. h4 Qf5+ 27. Ka2 Qd5+ 28. c4 Qd2 29. Qxd2 Rxd2 30. Kb1 Ba4 31. g4 Rgd7 32. Be2 Bb3 33. g5 R7d4 34. h5 Bxc4 35. Bxc4 Rxc4 36. Rd1 Rf2 37. Rhf1 Rg2 38. Rg1 Rh2 39. h6 Kg8 40. Rc1 Rf4 41. Rc3 Kf7 42. Rd1 Kg6 43. Rd7 Kxg5 44. Rxh7 Ra4 45. Re3 Rxh6 46. Rxh6 Kxh6 47. Rxe6+ Kg5 48. Kc2 Kf4 49. Rf6+ Ke5 50. Rf7 Rf4 51. Re7+ Kd4 52. Rd7+ Ke5 53. Rd3 c4 54. Rd7 Rxf3 55. Rxa7 Kd4 56. Rd7+ Kc5 57. Rh7 b5 58. Rh5+ Kc6 59. Rg5 Kb6 60. Rg6+ Kc5 61. Rg5+ 1/2-1/2

[Event "Toronto-A2"]
[Site "Toronto"]
[Date "2009.03.03"]
[Round "6"]
[White "Kimelman, Michael"]
[Black "Gusev, Nikita"]
[Result "1-0"]
[WhiteElo "2273"]
[BlackElo "2051"]
[PlyCount "73"]
[GameId "2160767910264964"]
[EventDate "2009.01.27"]
[EventType "tourn"]
[EventRounds "9"]
[EventCountry "CAN"]
[SourceTitle "EXT 2011"]
[Source "ChessBase"]
[SourceDate "2011.11.26"]
[SourceVersion "1"]
[SourceVersionDate "2011.11.26"]
[SourceQuality "1"]

1. e4 e5 2. Nf3 Nc6 3. d4 exd4 4. Nxd4 Nf6 5. Nxc6 bxc6 6. e5 Qe7 7. Qe2 Nd5 8. c4 Nb6 9. Nc3 a5 10. Qe4 Qe6 11. Bd3 d5 12. exd6 Bxd6 13. Be3 Bb4 14. O-O-O Bxc3 15. bxc3 Qxe4 16. Bxe4 Bd7 17. c5 Nd5 18. Bd4 Nf6 19. Rhe1 O-O-O 20. Bxf6 gxf6 21. Rd4 Kb7 22. Red1 Kc8 23. Rxd7 Rxd7 24. Bf5 Rhd8 25. Kb2 h6 26. Ka3 h5 27. Ka4 h4 28. Kxa5 Kb7 29. Bxd7 Ra8+ 30. Kb4 Rxa2 31. Rf1 Rd2 32. Be8 f5 33. Bxf7 f4 34. Bh5 Rb2+ 35. Kc4 Rd2 36. Bf3 Ra2 37. Rb1+ 1-0

[Event "Toronto-A2"]
[Site "Toronto"]
[Date "2009.03.03"]
[Round "6"]
[White "Peng, David Yu"]
[Black "Shebetah, Wajdy"]
[Result "1-0"]
[WhiteElo "2372"]
[BlackElo "2251"]
[PlyCount "71"]
[GameId "2160767910264965"]
[EventDate "2009.01.27"]
[EventType "tourn"]
[EventRounds "9"]
[EventCountry "CAN"]
[SourceTitle "EXT 2011"]
[Source "ChessBase"]
[SourceDate "2011.11.26"]
[SourceVersion "1"]
[SourceVersionDate "2011.11.26"]
[SourceQuality "1"]

1. e4 g6 2. Nf3 Bg7 3. d4 d6 4. Bc4 Nf6 5. Qe2 O-O 6. Nc3 c6 7. e5 Nd5 8. Bd2 Bg4 9. O-O-O Nxc3 10. Bxc3 d5 11. Bd3 a5 12. a4 Na6 13. h3 Bxf3 14. Qxf3 Nb4 15. Kb1 Nxd3 16. Qxd3 Qd7 17. h4 b5 18. h5 Rfb8 19. hxg6 hxg6 20. axb5 Rxb5 21. Rde1 e6 22. f4 a4 23. Ka2 a3 24. b4 Qa7 25. g4 Qa4 26. Rb1 Kf8 27. f5 exf5 28. gxf5 gxf5 29. Qxf5 Ke7 30. Rh7 Rg8 31. Rf1 Kd8 32. Rb1 c5 33. dxc5 d4 34. Bd2 Bxe5 35. Rxf7 Rb8 36. Rb3 1-0

[Event "Toronto-A2"]
[Site "Toronto"]
[Date "2009.03.03"]
[Round "6"]
[White "Sapozhnikov, Roman"]
[Black "Derraugh, Geordie"]
[Result "1-0"]
[WhiteElo "2274"]
[BlackElo "2090"]
[PlyCount "83"]
[GameId "2160767910264966"]
[EventDate "2009.01.27"]
[EventType "tourn"]
[EventRounds "9"]
[EventCountry "CAN"]
[SourceTitle "EXT 2011"]
[Source "ChessBase"]
[SourceDate "2011.11.26"]
[SourceVersion "1"]
[SourceVersionDate "2011.11.26"]
[SourceQuality "1"]

1. e4 e5 2. Nf3 Nc6 3. Bb5 a5 4. O-O Na7 5. Bc4 b5 6. Be2 d6 7. d4 Bb7 8. Nc3 b4 9. Nd5 c6 10. Ne3 exd4 11. Nxd4 Nf6 12. f3 g6 13. Nc4 d5 14. exd5 cxd5 15. Ne5 Bg7 16. Kh1 Nd7 17. Nxd7 Qxd7 18. f4 f5 19. Be3 O-O 20. Bf3 Rfd8 21. g4 Nb5 22. Nxb5 Qxb5 23. Bd4 fxg4 24. Bxg4 Qc4 25. Be6+ Kh8 26. c3 Ba6 27. Re1 Bxd4 28. cxd4 Rf8 29. Qd2 Rad8 30. f5 Qc7 31. Rac1 Qg7 32. Rg1 Bc8 33. Qe3 Bxe6 34. fxe6 Rd6 35. e7 Re8 36. Rc8 Rxc8 37. e8=Q+ Rxe8 38. Qxe8+ Qg8 39. Qe5+ Qg7 40. Qxd6 Qf7 41. Qe5+ Kg8 42. Kg2 1-0

[Event "Toronto-A2"]
[Site "Toronto"]
[Date "2009.03.10"]
[Round "7"]
[White "Calugar, Arthur"]
[Black "Sapozhnikov, Roman"]
[Result "1/2-1/2"]
[WhiteElo "2226"]
[BlackElo "2274"]
[PlyCount "95"]
[GameId "2160767910264967"]
[EventDate "2009.01.27"]
[EventType "tourn"]
[EventRounds "9"]
[EventCountry "CAN"]
[SourceTitle "EXT 2011"]
[Source "ChessBase"]
[SourceDate "2011.11.26"]
[SourceVersion "1"]
[SourceVersionDate "2011.11.26"]
[SourceQuality "1"]

1. e4 e5 2. Nf3 Nc6 3. Bb5 Nf6 4. O-O Nxe4 5. d4 Nd6 6. Bxc6 dxc6 7. dxe5 Nf5 8. Qxd8+ Kxd8 9. Nc3 Ke8 10. Bf4 Be7 11. Rfe1 h6 12. Rad1 Be6 13. Ne2 c5 14. Nc3 Rd8 15. Nb5 Rd7 16. h3 a6 17. Nc3 Kd8 18. Ne4 b6 19. a3 Kc8 20. Rxd7 Kxd7 21. g4 Nh4 22. Nxh4 Bxh4 23. Bg3 Be7 24. f4 f5 25. exf6 gxf6 26. f5 Bc4 27. Nd2 Bd5 28. Bxc7 b5 29. Bg3 h5 30. Nf1 hxg4 31. hxg4 c4 32. Ne3 Bc5 33. Kf2 Rg8 34. Ke2 Bxe3 35. Kxe3 Rxg4 36. Bf4 Rg2 37. Re2 Rxe2+ 38. Kxe2 Be4 39. c3 Bxf5 40. Ke3 Ke6 41. Bb8 Kd5 42. Kf4 Bd3 43. Bc7 Kc6 44. Bd8 f5 45. Ba5 Kb7 46. Bd8 Kc6 47. Ba5 Kc5 48. Bc7 1/2-1/2

[Event "Toronto-A2"]
[Site "Toronto"]
[Date "2009.03.10"]
[Round "7"]
[White "Derraugh, Geordie"]
[Black "Barron, Michael"]
[Result "0-1"]
[WhiteElo "2090"]
[BlackElo "2344"]
[PlyCount "134"]
[GameId "2160767910264968"]
[EventDate "2009.01.27"]
[EventType "tourn"]
[EventRounds "9"]
[EventCountry "CAN"]
[SourceTitle "EXT 2011"]
[Source "ChessBase"]
[SourceDate "2011.11.26"]
[SourceVersion "1"]
[SourceVersionDate "2011.11.26"]
[SourceQuality "1"]

1. e4 e5 2. Nf3 Nc6 3. Bb5 a6 4. Ba4 Nf6 5. O-O Be7 6. Re1 b5 7. Bb3 O-O 8. c3 d6 9. h3 Na5 10. Bc2 c5 11. d4 Qc7 12. Nbd2 Bb7 13. d5 g6 14. Nf1 Nh5 15. N1h2 Nc4 16. b3 Nb6 17. Ng4 c4 18. b4 a5 19. Nh6+ Kh8 20. g4 Ng7 21. Ng5 Bxg5 22. Bxg5 f6 23. Be3 axb4 24. cxb4 Ra3 25. Kg2 Rfa8 26. f4 Nd7 27. Qb1 Ne8 28. Bc1 exf4 29. Bxa3 Rxa3 30. Qc1 Rg3+ 31. Kh2 Ne5 32. Qxf4 Rc3 33. Bd1 Qb6 34. Rf1 Qd4 35. g5 f5 36. Bf3 Nxf3+ 37. Rxf3 Rxf3 38. Qxf3 Qxa1 39. exf5 Qe5+ 40. Kg1 Qxd5 41. Qc3+ Ng7 42. Kf2 Qg2+ 43. Ke1 Qe4+ 44. Kf2 Qf4+ 45. Ke1 Qe5+ 46. Qxe5 dxe5 47. f6 Ne6 48. h4 Nd8 49. Ke2 Bd5 50. a3 Nf7 51. Ng4 Kg8 52. Ne3 Be6 53. Kd2 Nd6 54. Nd1 Nf5 55. Nc3 Bd7 56. Nd5 Kf7 57. Nb6 Bc6 58. a4 Nxh4 59. Ke3 Nf5+ 60. Kd2 Nd6 61. a5 Ne4+ 62. Ke3 Nxg5 63. a6 h5 64. a7 h4 65. Nc8 Kxf6 66. Nd6 h3 67. Nxb5 h2 0-1

[Event "Toronto-A2"]
[Site "Toronto"]
[Date "2009.03.10"]
[Round "7"]
[White "Frilles, Ruperto"]
[Black "Peng, David Yu"]
[Result "1-0"]
[WhiteElo "2096"]
[BlackElo "2372"]
[PlyCount "127"]
[GameId "2160767910264969"]
[EventDate "2009.01.27"]
[EventType "tourn"]
[EventRounds "9"]
[EventCountry "CAN"]
[SourceTitle "EXT 2011"]
[Source "ChessBase"]
[SourceDate "2011.11.26"]
[SourceVersion "1"]
[SourceVersionDate "2011.11.26"]
[SourceQuality "1"]

1. c4 e6 2. g3 d5 3. Bg2 Nf6 4. cxd5 exd5 5. Nf3 Be7 6. O-O O-O 7. d3 c5 8. d4 h6 9. Nc3 Nc6 10. h3 a6 11. e3 Be6 12. a3 c4 13. Ne5 Na5 14. f4 Nb3 15. Rb1 Bf5 16. e4 Nxe4 17. Nxe4 Bxe4 18. Bxe4 dxe4 19. Be3 Qd5 20. Qc2 b5 21. Rbd1 Bd8 22. f5 Bb6 23. Qf2 f6 24. Ng6 Rfe8 25. g4 Bc7 26. h4 Qd6 27. Nf4 Na5 28. Qg2 c3 29. bxc3 Nc4 30. Bc1 a5 31. Rde1 e3 32. g5 hxg5 33. hxg5 fxg5 34. Qxg5 Re4 35. f6 Qxf6 36. Qd5+ Qf7 37. Qxa8+ Re8 38. Qd5 Qxd5 39. Nxd5 Bg3 40. Re2 Bf2+ 41. Kg2 Re6 42. Bxe3 Bxe3 43. Rfe1 Rg6+ 44. Kf3 Bg5 45. Rg1 Kh7 46. Rh2+ Bh6 47. Rxg6 Kxg6 48. Ra2 a4 49. Nc7 Nd6 50. Re2 Kf7 51. Re5 Nc4 52. Rxb5 Nxa3 53. Rb4 Ke7 54. Nd5+ Kd6 55. Ke4 Kc6 56. Rxa4 Nb5 57. Ra6+ Kd7 58. c4 Nd6+ 59. Kd3 Ne8 60. c5 Bg5 61. Ke4 Bd8 62. Ke5 Bf6+ 63. Nxf6+ gxf6+ 64. Rxf6 1-0

[Event "Toronto-A2"]
[Site "Toronto"]
[Date "2009.03.10"]
[Round "7"]
[White "Gusev, Nikita"]
[Black "Henry, Liam"]
[Result "0-1"]
[WhiteElo "2051"]
[BlackElo "2242"]
[PlyCount "70"]
[GameId "2160767910264970"]
[EventDate "2009.01.27"]
[EventType "tourn"]
[EventRounds "9"]
[EventCountry "CAN"]
[SourceTitle "EXT 2011"]
[Source "ChessBase"]
[SourceDate "2011.11.26"]
[SourceVersion "1"]
[SourceVersionDate "2011.11.26"]
[SourceQuality "1"]

1. e4 c5 2. Nf3 d6 3. d4 cxd4 4. Nxd4 Nf6 5. Nc3 a6 6. Bg5 e6 7. Qe2 Nbd7 8. f4 Qc7 9. O-O-O b5 10. a3 Rb8 11. g4 b4 12. axb4 Rxb4 13. Nd5 exd5 14. exd5+ Be7 15. Re1 O-O 16. Nc6 Ra4 17. Nxe7+ Kh8 18. c3 Nc5 19. Bxf6 gxf6 20. Nc6 Re4 21. Qf2 Qb6 22. Qh4 Rxe1+ 23. Qxe1 Na4 24. b4 Bb7 25. Qe7 Kg8 26. Qxf6 Qe3+ 27. Kc2 Qf2+ 28. Kd1 Qf3+ 29. Kc2 Qe4+ 30. Bd3 Qg2+ 31. Kb3 Qb2+ 32. Kc4 Nb6+ 33. Kd4 Qf2+ 34. Ke4 Re8+ 35. Kf5 Nxd5 0-1

[Event "Toronto-A2"]
[Site "Toronto"]
[Date "2009.03.17"]
[Round "8"]
[White "Barron, Michael"]
[Black "Calugar, Arthur"]
[Result "1-0"]
[WhiteElo "2344"]
[BlackElo "2226"]
[PlyCount "101"]
[GameId "2160767910264971"]
[EventDate "2009.01.27"]
[EventType "tourn"]
[EventRounds "9"]
[EventCountry "CAN"]
[SourceTitle "EXT 2011"]
[Source "ChessBase"]
[SourceDate "2011.11.26"]
[SourceVersion "1"]
[SourceVersionDate "2011.11.26"]
[SourceQuality "1"]

1. e4 c5 2. Nf3 Nc6 3. d4 cxd4 4. Nxd4 Nf6 5. Nc3 d6 6. Be2 e5 7. Nb3 Be7 8. O-O O-O 9. f4 a5 10. a4 Nb4 11. Bf3 b6 12. Be3 Bb7 13. Rf2 Bc6 14. Rd2 Qc7 15. Nd5 Bxd5 16. exd5 e4 17. Be2 Nd7 18. c3 Na6 19. Nd4 Ndc5 20. Nc6 Bf6 21. Bd4 Nb8 22. Bxf6 Nxc6 23. dxc6 gxf6 24. Bc4 Rad8 25. Qg4+ Kh8 26. Qf5 Qe7 27. Re1 Rde8 28. Re3 Rg8 29. Bd5 Rg6 30. Rde2 Reg8 31. b4 Nxa4 32. Bxe4 axb4 33. cxb4 d5 34. Bxd5 Qxb4 35. Bxf7 Nc3 36. Bxg6 Nxe2+ 37. Rxe2 Qd4+ 38. Rf2 Qd1+ 39. Rf1 Qd4+ 40. Kh1 hxg6 41. Qh3+ Kg7 42. c7 Qc4 43. Qd7+ Kh6 44. Rd1 f5 45. Qd8 g5 46. fxg5+ Kh5 47. h3 Qe6 48. Rc1 Qe3 49. Qd1+ Kh4 50. c8=Q Rxc8 51. Rxc8 1-0

[Event "Toronto-A2"]
[Site "Toronto"]
[Date "2009.03.17"]
[Round "8"]
[White "Frilles, Ruperto"]
[Black "Derraugh, Geordie"]
[Result "1-0"]
[WhiteElo "2096"]
[BlackElo "2090"]
[PlyCount "115"]
[GameId "2160767910264972"]
[EventDate "2009.01.27"]
[EventType "tourn"]
[EventRounds "9"]
[EventCountry "CAN"]
[SourceTitle "EXT 2011"]
[Source "ChessBase"]
[SourceDate "2011.11.26"]
[SourceVersion "1"]
[SourceVersionDate "2011.11.26"]
[SourceQuality "1"]

1. e4 e5 2. c4 Nc6 3. g3 Bc5 4. Bg2 d6 5. h3 Nge7 6. d3 f5 7. Nf3 O-O 8. O-O Be6 9. Nc3 Nd4 10. Nxd4 Bxd4 11. exf5 Nxf5 12. Ne4 c6 13. g4 Ne7 14. Rb1 Ng6 15. Ng5 Qf6 16. Ne4 Qe7 17. Kh1 Nf4 18. Be3 Nxg2 19. Kxg2 d5 20. Ng3 Bxe3 21. fxe3 dxc4 22. dxc4 Bxc4 23. Rxf8+ Qxf8 24. b3 Rd8 25. Qe1 Bd3 26. Rd1 e4 27. Qf2 Qf3+ 28. Qxf3 exf3+ 29. Kf2 Rd5 30. Rd2 Bb1 31. Rb2 Bg6 32. Kxf3 Kf7 33. Ne2 Rd1 34. Ng3 Ke6 35. h4 c5 36. Kf4 b5 37. e4 a5 38. Rc2 Kd6 39. h5 Bf7 40. Nf5+ Kc6 41. Nxg7 c4 42. bxc4 bxc4 43. Nf5 Kc5 44. Ke5 Rg1 45. Kf6 Be8 46. Ng7 Bc6 47. Ne6+ Kb4 48. a3+ Kxa3 49. Rxc4 Bb5 50. Rc5 Kb4 51. g5 Be8 52. g6 hxg6 53. h6 Rf1+ 54. Kg7 Rf7+ 55. Kg8 Rb7 56. Rc7 Rb8 57. Nf8 g5 58. h7 1-0

[Event "Toronto-A2"]
[Site "Toronto"]
[Date "2009.03.17"]
[Round "8"]
[White "Peng, David Yu"]
[Black "Kimelman, Michael"]
[Result "0-1"]
[WhiteElo "2372"]
[BlackElo "2273"]
[PlyCount "110"]
[GameId "2160767910264973"]
[EventDate "2009.01.27"]
[EventType "tourn"]
[EventRounds "9"]
[EventCountry "CAN"]
[SourceTitle "EXT 2011"]
[Source "ChessBase"]
[SourceDate "2011.11.26"]
[SourceVersion "1"]
[SourceVersionDate "2011.11.26"]
[SourceQuality "1"]

1. e4 c5 2. Nf3 e6 3. d4 cxd4 4. Nxd4 Nf6 5. Nc3 Nc6 6. Ndb5 d6 7. Bf4 e5 8. Bg5 a6 9. Na3 b5 10. Nd5 Be7 11. Bxf6 Bxf6 12. c3 Bg5 13. Nc2 O-O 14. a4 bxa4 15. Rxa4 a5 16. Bc4 Rb8 17. b3 Kh8 18. Nce3 Ne7 19. O-O Nxd5 20. Nxd5 f5 21. exf5 Bxf5 22. Qe2 Be6 23. Rfa1 Bxd5 24. Bxd5 Qb6 25. Rf1 Rf6 26. b4 axb4 27. Rxb4 Qa7 28. Qa2 Qc7 29. Qc4 Qd8 30. Ra1 Rf8 31. h4 Rc8 32. Qg4 Bd2 33. Rb7 Qf6 34. Rf1 Bxc3 35. Rf7 Qh6 36. Rb1 Rcd8 37. g3 Rxf7 38. Bxf7 Bd4 39. Qf3 Rf8 40. Bd5 g6 41. Bf7 Qg7 42. Rb7 Bc5 43. Kg2 e4 44. Qf4 h6 45. Rc7 Ba3 46. h5 gxh5 47. Qf5 h4 48. g4 Bb2 49. Kh3 Be5 50. f4 Bf6 51. Qe6 e3 52. Rd7 Be5 53. fxe5 e2 54. exd6 Qc3+ 55. Kg2 Qg3+ 0-1

[Event "Toronto-A2"]
[Site "Toronto"]
[Date "2009.03.17"]
[Round "8"]
[White "Sapozhnikov, Roman"]
[Black "Gusev, Nikita"]
[Result "1-0"]
[WhiteElo "2274"]
[BlackElo "2051"]
[PlyCount "67"]
[GameId "2160767910264974"]
[EventDate "2009.01.27"]
[EventType "tourn"]
[EventRounds "9"]
[EventCountry "CAN"]
[SourceTitle "EXT 2011"]
[Source "ChessBase"]
[SourceDate "2011.11.26"]
[SourceVersion "1"]
[SourceVersionDate "2011.11.26"]
[SourceQuality "1"]

1. c4 e6 2. Nf3 d5 3. g3 Nf6 4. Bg2 Be7 5. O-O O-O 6. b3 Nbd7 7. Bb2 a5 8. d3 a4 9. Nbd2 c6 10. Qc2 b6 11. e4 Ba6 12. e5 Ne8 13. Rfe1 a3 14. Bc3 Bc8 15. Nf1 Nc7 16. h4 Nb8 17. N1h2 c5 18. h5 b5 19. Rad1 Nc6 20. Ng4 Rb8 21. Qc1 d4 22. Bd2 bxc4 23. dxc4 Nb4 24. Bxb4 Rxb4 25. Qxa3 Bb7 26. Qb2 Qa8 27. Ngh2 Rb8 28. Qd2 Qa3 29. h6 g6 30. Re2 Rd8 31. Qf4 Qa8 32. Ng4 Bxf3 33. Bxf3 Qc8 34. Bc6 1-0

[Event "Toronto-A2"]
[Site "Toronto"]
[Date "2009.03.31"]
[Round "9"]
[White "Calugar, Arthur"]
[Black "Frilles, Ruperto"]
[Result "1-0"]
[WhiteElo "2226"]
[BlackElo "2096"]
[PlyCount "57"]
[GameId "2160767910264975"]
[EventDate "2009.01.27"]
[EventType "tourn"]
[EventRounds "9"]
[EventCountry "CAN"]
[SourceTitle "EXT 2011"]
[Source "ChessBase"]
[SourceDate "2011.11.26"]
[SourceVersion "1"]
[SourceVersionDate "2011.11.26"]
[SourceQuality "1"]

1. e4 c5 2. Nf3 Nc6 3. d4 g6 4. Nc3 cxd4 5. Nxd4 Bg7 6. Be3 d6 7. Qd2 Bd7 8. O-O-O a6 9. h4 h5 10. Nd5 Rc8 11. Nb3 Be6 12. Nb6 Rb8 13. Be2 Nf6 14. f3 Nd7 15. Nd5 Rc8 16. g4 Bxd5 17. exd5 Nce5 18. Bd4 f6 19. gxh5 gxh5 20. f4 Nf7 21. Rhg1 Kf8 22. Bf3 Nc5 23. Qg2 Bh6 24. Bxh5 Qc7 25. Kb1 Ke8 26. Nxc5 dxc5 27. Bxf7+ Kxf7 28. Qg6+ Kf8 29. Bxf6 1-0

[Event "Toronto-A2"]
[Site "Toronto"]
[Date "2009.03.31"]
[Round "9"]
[White "Derraugh, Geordie"]
[Black "Peng, David Yu"]
[Result "0-1"]
[WhiteElo "2090"]
[BlackElo "2372"]
[PlyCount "118"]
[GameId "2160767910264976"]
[EventDate "2009.01.27"]
[EventType "tourn"]
[EventRounds "9"]
[EventCountry "CAN"]
[SourceTitle "EXT 2011"]
[Source "ChessBase"]
[SourceDate "2011.11.26"]
[SourceVersion "1"]
[SourceVersionDate "2011.11.26"]
[SourceQuality "1"]

1. e4 e6 2. d4 d5 3. exd5 exd5 4. Bd3 Nc6 5. Nf3 Bg4 6. c3 Qf6 7. Nbd2 O-O-O 8. O-O Bd6 9. b3 Nge7 10. Re1 Ng6 11. h3 h5 12. Qc2 Kb8 13. Bf1 Nf4 14. a4 Nxh3+ 15. gxh3 Bxf3 16. Nxf3 Qxf3 17. Bg2 Qf6 18. Bxd5 Ne7 19. Bg2 Ng6 20. Qe4 c6 21. Qf3 Rde8 22. Rxe8+ Rxe8 23. Qxf6 gxf6 24. Kf1 Nh4 25. Bh1 Bh2 26. Bd2 f5 27. Bg5 Rg8 28. Bxh4 Rg1+ 29. Ke2 Rxa1 30. Bf3 Ra3 31. Bxh5 Rxb3 32. Kd3 Ra3 33. Bxf7 Rxa4 34. Bg5 Ra1 35. h4 Rg1 36. Be6 a5 37. Bxf5 a4 38. Be6 Bd6 39. f4 a3 40. Kc2 Kc7 41. h5 Rg2+ 42. Kb1 Bf8 43. Bf7 b5 44. Bf6 Kd6 45. Be5+ Ke7 46. Ba2 Rb2+ 47. Ka1 Rh2 48. f5 Rh1+ 49. Bb1 Bh6 50. Ka2 Bc1 51. f6+ Ke6 52. Bg6 Rf1 53. f7 Rf2+ 54. Ka1 b4 55. f8=Q Rxf8 56. cxb4 Rf2 57. Bg3 Rg2 58. Bc7 Bd2 59. Be4 Bc3+ 0-1

[Event "Toronto-A2"]
[Site "Toronto"]
[Date "2009.03.31"]
[Round "9"]
[White "Gusev, Nikita"]
[Black "Barron, Michael"]
[Result "0-1"]
[WhiteElo "2051"]
[BlackElo "2344"]
[PlyCount "110"]
[GameId "2160767910264977"]
[EventDate "2009.01.27"]
[EventType "tourn"]
[EventRounds "9"]
[EventCountry "CAN"]
[SourceTitle "EXT 2011"]
[Source "ChessBase"]
[SourceDate "2011.11.26"]
[SourceVersion "1"]
[SourceVersionDate "2011.11.26"]
[SourceQuality "1"]

1. e4 e5 2. Nf3 Nc6 3. Bb5 a6 4. Ba4 Nf6 5. O-O Be7 6. Re1 b5 7. Bb3 O-O 8. c3 d6 9. h3 Na5 10. Bc2 c5 11. d4 Qc7 12. Nbd2 Bb7 13. d5 g6 14. b3 Nh5 15. Nf1 f6 16. Bh6 Rfb8 17. Ne3 Bf8 18. g4 Bxh6 19. gxh5 Bf4 20. Ng2 g5 21. Nxf4 gxf4 22. Nh4 Kh8 23. Kh2 Rg8 24. Nf5 Bc8 25. h6 Rg5 26. Rg1 Bxf5 27. Rxg5 fxg5 28. exf5 Qf7 29. Qg4 Rg8 30. Be4 Qf6 31. Qh5 Nb7 32. a4 b4 33. cxb4 cxb4 34. f3 Nc5 35. Bc2 e4 36. Rg1 Qxf5 37. fxe4 Qf6 38. h4 gxh4 39. Rxg8+ Kxg8 40. Qg4+ Kf7 41. e5 Qxe5 42. Bxh7 f3+ 43. Kh3 Qg3+ 44. Qxg3 hxg3 45. Kxg3 Nxb3 46. Kxf3 a5 47. Ke3 Nc5 48. Bc2 b3 49. Bd1 Kg6 50. Kd4 b2 51. Bc2+ Kxh6 52. Kc3 Nxa4+ 53. Kb3 Nb6 54. Be4 Kg5 55. Kxb2 Kf4 0-1

[Event "Toronto-A2"]
[Site "Toronto"]
[Date "2009.03.31"]
[Round "9"]
[White "Kimelman, Michael"]
[Black "Henry, Liam"]
[Result "0-1"]
[WhiteElo "2273"]
[BlackElo "2242"]
[PlyCount "104"]
[GameId "2160767910264978"]
[EventDate "2009.01.27"]
[EventType "tourn"]
[EventRounds "9"]
[EventCountry "CAN"]
[SourceTitle "EXT 2011"]
[Source "ChessBase"]
[SourceDate "2011.11.26"]
[SourceVersion "1"]
[SourceVersionDate "2011.11.26"]
[SourceQuality "1"]

1. e4 c5 2. Nf3 d6 3. d4 cxd4 4. Nxd4 Nf6 5. Nc3 a6 6. a4 Qc7 7. Be2 g6 8. Be3 Bg7 9. O-O b6 10. f4 Bb7 11. Bf3 Nbd7 12. Qd2 O-O 13. Rad1 Nc5 14. e5 dxe5 15. fxe5 Nfe4 16. Nxe4 Nxe4 17. Bxe4 Bxe4 18. e6 f5 19. Bh6 Bxh6 20. Qxh6 Rf6 21. Rd2 Qe5 22. c3 f4 23. h4 Raf8 24. Qg5 Qc7 25. Rdf2 Kg7 26. Qg4 h6 27. Qe2 Bb7 28. Qg4 Qe5 29. Re2 Qc7 30. Qh3 Qc5 31. Ref2 Qh5 32. Qh2 Qg4 33. Qh3 Qxh3 34. gxh3 g5 35. h5 Rd8 36. Rd2 Rd6 37. Re1 Bc6 38. Re5 Bxa4 39. b3 Be8 40. Ra2 a5 41. Nf5+ Rxf5 42. Rxf5 Bxh5 43. Rg2 Bg6 44. Re5 Kf6 45. Rge2 Rd3 46. Rb5 Rxh3 47. c4 g4 48. Rh2 Rxh2 49. Kxh2 g3+ 50. Kg1 f3 51. Rd5 Bf5 52. Rd1 Bh3 0-1

[Event "Toronto-B2"]
[Site "Toronto"]
[Date "2009.01.27"]
[Round "1"]
[White "Armstrong, Robert J"]
[Black "Ferreira, Alex"]
[Result "0-1"]
[WhiteElo "1827"]
[BlackElo "2062"]
[PlyCount "50"]
[GameId "2160767910264979"]
[EventDate "2009.01.27"]
[EventType "tourn"]
[EventRounds "9"]
[EventCountry "CAN"]
[SourceTitle "EXT 2011"]
[Source "ChessBase"]
[SourceDate "2011.11.26"]
[SourceVersion "1"]
[SourceVersionDate "2011.11.26"]
[SourceQuality "1"]

1. d4 d6 2. c4 e5 3. dxe5 dxe5 4. Qa4+ Bd7 5. Qc2 Nc6 6. Nc3 Nf6 7. Nf3 Nb4 8. Qb1 Nc6 9. a3 Bg4 10. e4 Bxf3 11. gxf3 Nd4 12. Be2 Nb3 13. Ra2 Nh5 14. Be3 Bc5 15. Bxc5 Nxc5 16. b4 Ne6 17. Rd2 Qh4 18. Nd5 O-O-O 19. c5 c6 20. Qc1 cxd5 21. c6 Nd4 22. cxb7+ Kxb7 23. Qc5 Qf6 24. Rb2 Nf4 25. Bb5 Rc8 0-1

[Event "Toronto-B2"]
[Site "Toronto"]
[Date "2009.01.27"]
[Round "1"]
[White "Cheron, Anthony"]
[Black "Kenanu, Dariush"]
[Result "0-1"]
[WhiteElo "1975"]
[BlackElo "1894"]
[PlyCount "136"]
[GameId "2160767910264980"]
[EventDate "2009.01.27"]
[EventType "tourn"]
[EventRounds "9"]
[EventCountry "CAN"]
[SourceTitle "EXT 2011"]
[Source "ChessBase"]
[SourceDate "2011.11.26"]
[SourceVersion "1"]
[SourceVersionDate "2011.11.26"]
[SourceQuality "1"]

1. d3 e5 2. g3 d5 3. e4 dxe4 4. dxe4 Qxd1+ 5. Kxd1 Nc6 6. c3 Bc5 7. Ke2 Be6 8. Nd2 Nge7 9. Bh3 f5 10. Ngf3 O-O 11. Ng5 Bd7 12. Rd1 h6 13. Ngf3 Be6 14. b4 Bd6 15. Nh4 g6 16. Ng2 a5 17. b5 Nd8 18. Ne3 Kh7 19. Ndc4 f4 20. Bxe6 fxe3 21. Bg4 Rxf2+ 22. Ke1 h5 23. Bxe3 Rxh2 24. Be2 Nf7 25. Rd2 Rh1+ 26. Bf1 Nh6 27. Bxh6 Kxh6 28. Kf2 Rh2+ 29. Kg1 Rxd2 30. Nxd2 Bc5+ 31. Kh2 Ng8 32. Be2 Rf8 33. Rf1 Nf6 34. Kg2 b6 35. Bf3 g5 36. Be2 Kg6 37. Nc4 Nd7 38. Rxf8 Bxf8 39. Ne3 Nc5 40. Nd5 Bd6 41. Kf3 Ne6 42. Ne3 Bc5 43. Nc4 Kf6 44. Nd2 Ba3 45. Bc4 Nc5 46. Bd5 g4+ 47. Ke2 Bb2 48. Nb1 Bc1 49. c4 Kg5 50. Nc3 h4 51. Kf2 h3 52. Nd1 Nd3+ 53. Kg1 Bd2 54. Be6 Nb4 55. a4 Nd3 56. Kh1 Bb4 57. Kh2 Nc5 58. Bf5 Nxa4 59. Ne3 Nc3 60. Nxg4 a4 61. Nxe5 a3 62. Nf3+ Kf6 63. Nd4 a2 64. Nc2 Ne2 65. Kxh3 Nd4 66. Na1 Bc3 67. e5+ Kxe5 68. Bc2 Bxa1 0-1